[Event "Vellmar Int 4th op  A"]
[Site "Vellmar"]
[Date "2012.07.27"]
[Round "2.21"]
[White "Keil, Roland"]
[Black "Powalla, Christian"]
[Result "1-0"]
[WhiteElo "2024"]
[BlackElo "1784"]
[PlyCount "131"]
[EventDate "2012.07.26"]
[EventType "swiss"]
[EventRounds "7"]
[EventCountry "GER"]

{DWZ: 1950 - 1587} 1. e4 d5 2. exd5 Qxd5 3. Nc3 Qd6 4. d4 Nf6 5. Be2 a6 6. h3
Nbd7 7. Nf3 e6 8. O-O b5 9. Ng5 Bb7 10. Bf3 Bxf3 11. Qxf3 Rb8 12. Bf4 Qb6 13.
d5 e5 14. Rfe1 Bd6 15. Rad1 O-O 16. Bg3 h6 17. Nge4 Rfe8 18. Re2 Re7 19. Nxf6+
Nxf6 20. Bh4 e4 21. Nxe4 Rxe4 22. Rxe4 Nxe4 23. Qxe4 Kf8 24. Re1 f6 25. Kh1 Rd8
26. Bg3 Qc5 27. b3 Bxg3 28. fxg3 Qxd5 29. Qe7+ Kg8 30. Qxc7 Rd7 31. Qc8+ Kh7
32. Qxa6 Qd2 33. Qe6 b4 34. Re2 Qc1+ 35. Re1 Qd2 36. Kh2 Ra7 37. Qe3 Qxe3 38.
Rxe3 Rxa2 39. Re2 Kg6 40. g4 Kg5 41. Kg3 Ra7 42. Kf3 Rc7 43. c4 bxc3 {(=)} 44.
Rc2 f5 45. gxf5 Kxf5 46. Ke3 Ke5 47. g3 Kd5 48. Kd3 g6 49. Rxc3 Rb7 50. Kc2 Rb6
51. Rc4 g5 52. Kc3 Rf6 53. Rd4+ Kc5 54. b4+ Kc6 55. Kc4 Rf1 56. b5+ Kc7 57. g4
Rc1+ 58. Kd5 Kb6 {(=)} 59. Ke5 Kxb5 60. Rd6 Rc5+ 61. Rd5 Kc6 62. Rxc5+ Kxc5 63.
Kf6 Kd6 64. Kg6 Ke6 65. Kxh6 Kf6 66. Kh5 1-0

[Event "Vellmar Int 4th op  A"]
[Site "Vellmar"]
[Date "2012.07.27"]
[Round "2.23"]
[White "Mueller, Joachim"]
[Black "Cherny, Andrey"]
[Result "0-1"]
[WhiteElo "1956"]
[BlackElo "2253"]
[PlyCount "66"]
[EventDate "2012.07.26"]
[EventType "swiss"]
[EventRounds "7"]
[EventCountry "GER"]

{DWZ: 1674 - 2220} 1. d4 Nf6 2. c4 e6 3. Nc3 d5 4. e3 dxc4 5. Bxc4 a6 6. Nf3 b5
7. Bb3 Bb7 8. O-O Nbd7 9. Qe2 c5 10. Rd1 c4 11. Bc2 b4 12. Nb1 Nb6 13. e4 Be7
14. Bg5 h6 15. Bh4 g5 16. Bg3 Rg8 17. Ne5 h5 18. f3 h4 19. Bf2 Qc7 20. Nd2 Bd6
21. Ndxc4 Nxc4 22. Nxc4 Bxh2+ 23. Kf1 Kf8 24. Rac1 Nh5 25. Bb3 Qe7 26. Na5 Nf4
27. Qd2 g4 28. d5 Qg5 29. Bd4 e5 30. Be3 gxf3 31. gxf3 Qg3 32. Bc5+ Kg7 33. Qe3
Qh3+ 0-1

[Event "Vellmar Int 4th op  A"]
[Site "Vellmar"]
[Date "2012.07.27"]
[Round "2.24"]
[White "Hansen, Victor"]
[Black "Braun, Ingram"]
[Result "1/2-1/2"]
[WhiteElo "2112"]
[BlackElo "1957"]
[PlyCount "151"]
[EventDate "2012.07.26"]
[EventType "swiss"]
[EventRounds "7"]
[EventCountry "GER"]

{DWZ: 2099(NOR) - 1956} 1. e4 c5 2. Nf3 e6 3. d4 cxd4 4. Nxd4 a6 5. a4 b6 6.
Bd3 Qc7 7. Be3 Nf6 8. Nd2 Bb7 9. c3 d5 10. f3 Bd6 11. g3 Nbd7 12. N4b3 O-O 13.
Qe2 Rfd8 14. a5 b5 15. O-O Rac8 16. Bf2 dxe4 17. fxe4 e5 18. c4 b4 19. Rac1 Nc5
20. Bb1 Qc6 21. Nxc5 Bxc5 22. Nb3 Bxf2+ 23. Qxf2 Rd7 24. Rfe1 Qe6 25. Nc5 Ng4
26. Nxe6 Nxf2 27. Kxf2 fxe6 28. Red1 Rdc7 29. Rd6 Kf7 30. Rb6 Rd8 31. Ke3 Rd4
32. Rxb4 Ke7 33. Rb6 Bc8 34. b3 Rc5 35. b4 Rcxc4 36. Rxc4 Rxc4 37. Bd3 Rd4 38.
b5 Ra4 39. bxa6 Rxa5 40. Rb7+ Kf6 41. Rc7 Bxa6 42. Ra7 Bxd3 43. Rxa5 Bf1 44.
Kf3 Bd3 45. Ra7 h6 46. Rd7 Bb5 47. Rd2 Be8 48. Ke3 g5 49. h4 gxh4 50. gxh4 Bg6
51. Rf2+ Ke7 52. Kd3 Be8 53. Kc4 Bg6 54. Re2 Kf6 55. Kc5 Ke7 56. Kc6 Be8+ 57.
Kc7 Bg6 58. Re1 Bh7 59. h5 Bg8 60. Rd1 Bf7 61. Rd7+ Kf6 62. Kd6 Bxh5 63. Rh7
Kg6 64. Re7 Bg4 65. Kxe5 h5 66. Ra7 Bh3 67. Kf4 Bg4 68. Ra5 Kf6 69. Rg5 Bd1 70.
e5+ Kf7 71. Rg1 Bg4 72. Kg5 Ke7 73. Rc1 Kd7 74. Kf6 Bh3 75. Rc3 Bg4 76. Rd3+
1/2-1/2

[Event "Vellmar Int 4th op  A"]
[Site "Vellmar"]
[Date "2012.07.27"]
[Round "2.25"]
[White "Giese, Tilman"]
[Black "Lechnauer, Uwe"]
[Result "1/2-1/2"]
[WhiteElo "2067"]
[BlackElo "1939"]
[PlyCount "92"]
[EventDate "2012.07.26"]
[EventType "swiss"]
[EventRounds "7"]
[EventCountry "GER"]

{DWZ: 1987 - 1839} 1. Nf3 d5 2. g3 c5 3. Bg2 Nc6 4. O-O e5 5. d3 Be7 6. Nbd2
Be6 7. e4 d4 8. Qe2 h5 9. Nc4 Bf6 10. a4 g5 11. Ne1 g4 12. f4 exf4 13. gxf4 Be7
14. f5 Bxc4 15. dxc4 Ne5 16. Nd3 Bd6 17. Bf4 Qc7 18. h3 f6 19. Bxe5 Bxe5 20.
Nxe5 Qxe5 21. hxg4 hxg4 22. Qxg4 Qh2+ 23. Kf2 O-O-O 24. Rh1 Nh6 25. Qg3 Qxg3+
26. Kxg3 Rdg8+ 27. Kf3 Nf7 28. Rxh8 Rxh8 29. b3 Ne5+ 30. Ke2 Rg8 31. Bf3 Rg3
32. Rf1 Kc7 33. Bh1 Kb6 34. Rf2 Ng4 35. Rf4 Kc7 36. Bf3 Ne5 37. Kf2 Rxf3+ 38.
Rxf3 Nxf3 39. Kxf3 Kd6 40. Kf4 a5 41. e5+ fxe5+ 42. Ke4 b6 43. f6 Ke6 44. f7
Kxf7 45. Kxe5 Ke7 46. Kd5 Kd7 1/2-1/2

[Event "Vellmar Int 4th op  A"]
[Site "Vellmar"]
[Date "2012.07.27"]
[Round "2.26"]
[White "Heckmann, Torsten"]
[Black "Calci, Fiorino"]
[Result "1-0"]
[WhiteElo "1929"]
[BlackElo "2033"]
[PlyCount "67"]
[EventDate "2012.07.26"]
[EventType "swiss"]
[EventRounds "7"]
[EventCountry "GER"]

{DWZ: 1702 - 1811} 1. Nf3 f5 2. b3 Nf6 3. Bb2 d6 4. d4 g6 5. e3 Bg7 6. Bd3 Nc6
7. a3 e6 8. c4 Ne7 9. Nc3 O-O 10. Qc2 Bd7 11. O-O h6 12. Rfe1 g5 13. Rad1 Nh5
14. Ne2 Ng6 15. g4 Nf6 16. gxf5 exf5 17. Ng3 g4 18. Nxf5 Bxf5 19. Bxf5 gxf3 20.
Be6+ Kh7 21. Kh1 Ng8 22. Rg1 N8e7 23. Rg3 Qe8 24. Rdg1 Rd8 25. Bg4 d5 26. Bh5
Rf6 27. h4 Qf7 28. Bxg6+ Rxg6 29. h5 Qf6 30. hxg6+ Kh8 31. Rg4 Nf5 32. Rf4 Rf8
33. cxd5 h5 34. e4 1-0

[Event "Vellmar Int 4th op  A"]
[Site "Vellmar"]
[Date "2012.07.27"]
[Round "2.27"]
[White "Ziegenfuss, Holger"]
[Black "Wuestehube, Harry"]
[Result "1/2-1/2"]
[WhiteElo "2021"]
[BlackElo "1934"]
[PlyCount "40"]
[EventDate "2012.07.26"]
[EventType "swiss"]
[EventRounds "7"]
[EventCountry "GER"]

{DWZ: 1942 - 1883} 1. c4 e5 2. g3 Nc6 3. Bg2 Nf6 4. Nc3 Bb4 5. Nd5 Bc5 6. e3 d6
7. Ne2 Nxd5 8. cxd5 Ne7 9. d4 exd4 10. Nxd4 O-O 11. O-O Ng6 12. b3 Re8 13. Bb2
Ne5 14. h3 Bd7 15. Rc1 Rc8 16. Nf3 Bb6 17. Nxe5 dxe5 18. Qd3 Qe7 19. Rfd1 e4
20. Qc3 f6 1/2-1/2

[Event "Vellmar Int 4th op  A"]
[Site "Vellmar"]
[Date "2012.07.27"]
[Round "2.28"]
[White "Schaefer, Annabelle"]
[Black "Knoth, Eugen"]
[Result "1/2-1/2"]
[WhiteElo "1860"]
[BlackElo "2019"]
[PlyCount "44"]
[EventDate "2012.07.26"]
[EventType "swiss"]
[EventRounds "7"]
[EventCountry "GER"]

{DWZ: 1850(geb.1997) - 1854} 1. e4 d5 2. exd5 Qxd5 3. Nc3 Qd6 4. d4 Nf6 5. h3
a6 6. Nf3 b5 7. a3 Bb7 8. Be3 e6 9. Be2 Be7 10. Qd2 Nbd7 11. Bf4 Qb6 12. O-O
O-O 13. Rfe1 Rad8 14. Be3 c5 15. dxc5 Nxc5 16. Qc1 Qc7 17. Bf4 Qc8 18. Rd1 Nce4
19. Nxe4 Bxe4 20. Rxd8 Rxd8 21. c4 Bxf3 22. gxf3 bxc4 1/2-1/2

[Event "Vellmar Int 4th op  A"]
[Site "Vellmar"]
[Date "2012.07.27"]
[Round "2.29"]
[White "Cotenescu, Daniel"]
[Black "Rolf, Marco"]
[Result "1-0"]
[WhiteElo "2017"]
[BlackElo "1888"]
[PlyCount "76"]
[EventDate "2012.07.26"]
[EventType "swiss"]
[EventRounds "7"]
[EventCountry "GER"]

{DWZ: 1829(geb.1940) - 1794} 1. Nf3 e6 2. g3 d5 3. d4 Nf6 4. Bg2 c5 5. c3 Nc6
6. O-O Be7 7. dxc5 Bxc5 8. b4 Bd6 9. b5 Ne5 10. Nbd2 Qa5 11. Qb3 Bd7 12. a4 Rc8
13. Bb2 O-O 14. Rfc1 Nc4 15. Nxc4 Rxc4 16. Nd2 Rc7 17. e4 dxe4 18. Nc4 Rxc4 19.
Qxc4 Rc8 20. Qe2 e3 21. Bxb7 exf2+ 22. Kh1 Qb6 23. Bg2 e5 24. c4 Bg4 25. Bf3
Bxf3+ 26. Qxf3 e4 27. Qg2 e3 28. a5 Qc5 29. Qf3 Be5 30. Ba3 Qd4 31. Ra2 Qe4 32.
Kg2 Rd8 33. b6 axb6 34. axb6 f1=Q+ 35. Rxf1 Qxc4 36. Re2 Ne4 37. Rc1 Nc3 38.
Rxe3 Rd2+ 1-0

[Event "Vellmar Int 4th op  A"]
[Site "Vellmar"]
[Date "2012.07.27"]
[Round "2.30"]
[White "Kaplunov, Vadym"]
[Black "Rueggeberg, Jan"]
[Result "0-1"]
[WhiteElo "1985"]
[BlackElo "1874"]
[PlyCount "84"]
[EventDate "2012.07.26"]
[EventType "swiss"]
[EventRounds "7"]
[EventCountry "GER"]

{DWZ: 1936(geb.1936) - 1791} 1. d4 Nf6 2. c4 d6 3. Nc3 Nbd7 4. e4 e5 5. d5 Be7
6. Be3 O-O 7. f3 Nh5 8. Qd2 g6 9. Bd3 f5 10. Nge2 a5 11. Bc2 Nc5 12. O-O Nf6
13. Kh1 f4 14. Bf2 g5 15. g4 Kf7 16. a3 h5 17. h3 Rh8 18. Kg2 hxg4 19. hxg4
Bxg4 20. Ng1 Qd7 21. Bxc5 dxc5 22. Qd3 Bh3+ 23. Nxh3 Qxh3+ 24. Kf2 g4 25. Ke1
Rag8 26. Ne2 Bd6 27. Kd2 Qg2 28. Kc3 Rh3 29. Ng1 Rh2 30. Rad1 gxf3 31. Nxf3 Rg3
32. Rb1 Rhh3 33. Bd1 Nh7 34. Rg1 {(=)} Qxg1 35. Nxg1 Rxd3+ 36. Kc2 Rhg3 37. Be2
Rde3 38. Rf1 Ng5 39. Bh5+ Kf6 40. Ne2 Rg2 41. Kd2 Nxe4+ 42. Kd1 Rexe2 ({oder} 
42... Rgxe2) 0-1

[Event "Vellmar Int 4th op  A"]
[Site "Vellmar"]
[Date "2012.07.27"]
[Round "2.31"]
[White "Hefner, Felix"]
[Black "Van Dyck, Marc"]
[Result "1/2-1/2"]
[WhiteElo "1847"]
[BlackElo "1983"]
[PlyCount "69"]
[EventDate "2012.07.26"]
[EventType "swiss"]
[EventRounds "7"]
[EventCountry "GER"]

{DWZ: 1740 - -(BEL)} 1. e4 c5 2. Nf3 Nc6 3. d4 cxd4 4. Nxd4 Nf6 5. Nc3 e5 6.
Nxc6 bxc6 7. Bc4 Be7 8. Bb3 O-O 9. O-O d6 10. Qf3 Qc7 11. h3 Bb7 12. Rd1 Rad8
13. Bg5 Rd7 14. Rd2 Ne8 15. Be3 Ba8 16. Rad1 Kh8 17. g4 Qa5 18. h4 Bb7 19. h5
Nc7 20. g5 f5 21. exf5 d5 22. f6 gxf6 23. g6 Ne8 24. Kh2 Qb4 25. Qg3 Bd8 26.
Rg1 Rg8 27. f4 Bc7 28. f5 e4 29. Bf4 e3 30. Bxc7 exd2 31. Bf4 Qd4 32. Be3 Qe5
33. Qxe5 fxe5 34. Bxd2 hxg6 35. fxg6 1/2-1/2

[Event "Vellmar Int 4th op  A"]
[Site "Vellmar"]
[Date "2012.07.27"]
[Round "2.34"]
[White "Wegelin, Reinhard"]
[Black "Diener, Carolin"]
[Result "1-0"]
[WhiteElo "1958"]
[BlackElo "1739"]
[PlyCount "60"]
[EventDate "2012.07.26"]
[EventType "swiss"]
[EventRounds "7"]
[EventCountry "GER"]

{DWZ: 1981(SUI) - 1659(geb.2000)} 1. d4 d5 2. e4 dxe4 3. Nc3 Bf5 4. f3 Nf6 5.
fxe4 Nxe4 6. Qf3 Nd6 7. Bf4 Qc8 8. Bxd6 cxd6 9. Bb5+ Bd7 10. Nge2 Bxb5 11. Nxb5
a6 12. Nbc3 g6 13. O-O f6 14. Nd5 Nd7 15. Nec3 Bg7 16. Rae1 e5 17. Qg4 Kf7 18.
Ne4 Bf8 19. Ng5+ Kg7 20. Qe6 Qe8 21. Qh3 Rc8 22. Ne6+ Kg8 23. Rxf6 Rxc2 24.
Rxf8+ Qxf8 25. Nxf8 Nxf8 26. Rf1 Kg7 27. Qb3 Rd2 28. dxe5 dxe5 29. Nc7 Re2 30.
Qf7+ Kh6 1-0

[Event "Vellmar Int 4th op  A"]
[Site "Vellmar"]
[Date "2012.07.27"]
[Round "3.1"]
[White "Schneider, Ilja"]
[Black "Hoffmann, Lukas"]
[Result "1-0"]
[WhiteElo "2490"]
[BlackElo "2173"]
[PlyCount "65"]
[EventDate "2012.07.26"]
[EventType "swiss"]
[EventRounds "7"]
[EventCountry "GER"]

{DWZ: 2469(IM) - 2181} 1. d4 d5 2. c4 c6 3. Nf3 Nf6 4. Nc3 dxc4 5. e3 b5 6. a4
b4 7. Nb1 e6 8. Bxc4 Be7 9. O-O O-O 10. Qe2 c5 11. b3 cxd4 12. Nxd4 e5 13. Qf3
e4 14. Qd1 Qc7 15. Bb2 Nc6 16. Nxc6 Qxc6 17. Nd2 Be6 18. Rc1 Rfd8 19. Qe2 Bg4
20. f3 exf3 21. Nxf3 Qe4 22. h3 Bh5 23. g4 Bg6 24. Ng5 Qb7 25. Bxf7+ Bxf7 26.
Nxf7 Kxf7 27. g5 Rd5 28. h4 Rad8 29. Qf3 Qd7 30. gxf6 gxf6 31. Bxf6 Rg8+ 32.
Kh1 Qe6 33. Rc7 1-0

[Event "Vellmar Int 4th op  A"]
[Site "Vellmar"]
[Date "2012.07.27"]
[Round "3.2"]
[White "Aslan, Benjamin"]
[Black "Markgraf, Alexander"]
[Result "1/2-1/2"]
[WhiteElo "2156"]
[BlackElo "2489"]
[PlyCount "32"]
[EventDate "2012.07.26"]
[EventType "swiss"]
[EventRounds "7"]
[EventCountry "GER"]

{DWZ: 2238 - 2470(IM)} 1. d4 f5 2. g3 Nf6 3. Bg2 g6 4. Nh3 Bg7 5. Nf4 Nc6 6. d5
Ne5 7. Nc3 c6 8. e4 fxe4 9. Nxe4 Nxe4 10. Bxe4 cxd5 11. Qxd5 e6 12. Qb3 d5 13.
Bg2 Qb6 14. O-O Qxb3 15. axb3 Kf7 16. c3 Rd8 1/2-1/2

[Event "Vellmar Int 4th op  A"]
[Site "Vellmar"]
[Date "2012.07.27"]
[Round "3.3"]
[White "Gutman, Lev"]
[Black "Roehl, Rainer"]
[Result "1-0"]
[WhiteElo "2450"]
[BlackElo "2148"]
[PlyCount "85"]
[EventDate "2012.07.26"]
[EventType "swiss"]
[EventRounds "7"]
[EventCountry "GER"]

{DWZ: 2435(GM, geb.1945) - 2090} 1. Nf3 c5 2. g3 g6 3. Bg2 Bg7 4. d4 cxd4 5.
Nxd4 Nc6 6. Nxc6 bxc6 7. O-O Rb8 8. Nd2 Nf6 9. Nb3 O-O 10. Bd2 d5 11. Bf4 Ra8
12. c4 Ne4 13. Qc1 e6 14. Rd1 Qb6 15. Be3 Qb8 16. Bxe4 dxe4 17. Bh6 Bxh6 18.
Qxh6 Qe5 19. Qd2 e3 20. Qxe3 Qxb2 21. Rd2 Qf6 22. Rad1 e5 23. Rd6 Qe7 24. Na5
f6 25. Nxc6 Qc7 26. c5 a5 27. Qb3+ Kh8 28. Qb6 Qf7 29. Rd8 Bh3 30. Rxa8 Rxa8
31. Nd8 Qe7 32. Qd6 Qxd6 33. Nf7+ Kg7 34. Nxd6 Ra6 35. Rb1 Rc6 36. Rb5 a4 37.
a3 Be6 38. f4 exf4 39. gxf4 f5 40. Kf2 Kf6 41. Ke3 h6 42. Kd4 g5 43. Rb6 1-0

[Event "Vellmar Int 4th op  A"]
[Site "Vellmar"]
[Date "2012.07.27"]
[Round "3.4"]
[White "Hecht, Carsten"]
[Black "Meyner, Hannes"]
[Result "0-1"]
[WhiteElo "2050"]
[BlackElo "2217"]
[PlyCount "82"]
[EventDate "2012.07.26"]
[EventType "swiss"]
[EventRounds "7"]
[EventCountry "GER"]

{DWZ: 2048(geb.1997) - 2098} 1. e4 c6 2. d4 d5 3. Nc3 dxe4 4. Nxe4 Bf5 5. Ng3
Bg6 6. h4 h6 7. Nf3 Nd7 8. h5 Bh7 9. Bd3 Bxd3 10. Qxd3 e6 11. Bf4 Qa5+ 12. Bd2
Bb4 13. c3 Be7 14. c4 Qc7 15. O-O-O Ngf6 16. Kb1 b5 17. c5 a5 18. Rhe1 O-O 19.
Qe2 Rfe8 20. Ne5 Nxe5 21. Bf4 Nfd7 22. Bxe5 Nxe5 23. Qxe5 Qxe5 24. Rxe5 Bh4 25.
Re3 Bxg3 26. Rxg3 Rad8 27. Rgd3 Rd5 28. g4 f5 29. f3 Red8 30. Kc2 e5 31. gxf5
exd4 32. Kb1 Kf7 33. a3 a4 34. b4 axb3 35. Kb2 Rxc5 36. Rxd4 Rxd4 37. Rxd4 Rxf5
38. Rd7+ Kf8 39. Rd3 Rxh5 40. Kxb3 Rh4 41. Rd6 Rc4 0-1

[Event "Vellmar Int 4th op  A"]
[Site "Vellmar"]
[Date "2012.07.27"]
[Round "3.5"]
[White "Baciu, Diana"]
[Black "Stabernack, Joschi"]
[Result "1-0"]
[WhiteElo "2211"]
[BlackElo "1928"]
[PlyCount "123"]
[EventDate "2012.07.26"]
[EventType "swiss"]
[EventRounds "7"]
[EventCountry "GER"]

{DWZ:  -(WFM;MDA;geb.1994) - 1859(geb.1995)  amtierende Jugendmeisterin
Moldawien  -   amt. Jugendmeister Bezirk Nordhessen} 1. e4 e5 2. Nf3 Nf6 3.
Nxe5 Nxe4 4. d4 d5 5. Bd3 Bd6 6. O-O O-O 7. c3 Nd7 8. Bf4 Qf6 9. Nxd7 Bxd7 10.
Bxd6 Nxd6 11. Nd2 Bf5 12. Nf3 Bxd3 13. Qxd3 c6 14. Ne5 Qf5 15. Qxf5 Nxf5 16. a4
f6 17. Nd3 a5 18. Rfb1 Nd6 19. f3 Rfb8 {[%cal Gh1h4,Gh4a4,Ga4a1,Ga1h1,Gh1a1,
Ga1a4,Ga4h4,Gh4h1,Ra5h5,Rh5h8,Rh8a8,Ra8a5,Ra5a8,Ra8h8,Rh8h5,Rh5a5] #} 20. b4 b6
21. Ra2 Kf7 22. Kf2 h6 23. bxa5 bxa5 24. Rab2 Rxb2+ 25. Rxb2 Ra7 26. Nc5 Nc4
27. Rb8 Rc7 28. Ra8 Ke7 29. f4 Kd6 30. f5 Re7 31. Ne6 Rb7 32. Rd8+ Rd7 33. Rb8
Ke7 34. Nxg7 Nd6 35. Ra8 Ne4+ 36. Ke3 Nxc3 37. Rxa5 Kd6 38. Ne6 Ne4 39. Ra8 Ng5
40. Nxg5 hxg5 41. a5 Rb7 42. a6 Rb3+ 43. Ke2 Rb2+ 44. Kf3 Rb3+ 45. Kg4 Ra3 46.
Kh5 c5 47. a7 Kc7 48. dxc5 d4 49. Rf8 Rxa7 50. Rxf6 Ra5 51. Rd6 Rxc5 52. Rxd4
Rxf5 53. Rg4 Kd7 54. Rxg5 Rf2 55. Kg6 Ke6 56. h4 Rf6+ 57. Kg7 Rf7+ 58. Kh6 Rf4
59. h5 Kf7 60. Kh7 Rf2 61. g4 Kf6 62. Rf5+ 1-0

[Event "Vellmar Int 4th op  A"]
[Site "Vellmar"]
[Date "2012.07.27"]
[Round "3.6"]
[White "Feicht, Arno"]
[Black "Schulz, Karsten"]
[Result "0-1"]
[WhiteElo "2073"]
[BlackElo "2342"]
[PlyCount "66"]
[EventDate "2012.07.26"]
[EventType "swiss"]
[EventRounds "7"]
[EventCountry "GER"]

{DWZ: 1932(geb.1949) - 2292(FM)} 1. e4 d6 2. d4 Nf6 3. Nc3 g6 4. f4 Bg7 5. Nf3
O-O 6. Be3 Nbd7 7. e5 Ng4 8. Bg1 c5 9. e6 fxe6 10. Ng5 Ndf6 11. Qe2 cxd4 12.
Nxe6 Bxe6 13. Qxe6+ Kh8 14. Bxd4 Qc8 15. Bc4 Nh5 16. Bxg7+ Nxg7 17. Qe2 Rxf4
18. Bb3 Qf5 19. h3 Nf2 20. Rf1 Rf8 21. Bc4 Qc5 22. g3 Nd3+ 23. Bxd3 Rxf1+ 24.
Qxf1 Rxf1+ 25. Kxf1 Nf5 26. g4 Qc6 27. Kg1 Qb6+ 28. Kg2 Qxb2 29. Rb1 Nh4+ 30.
Kg3 Qxc3 31. Kxh4 Qe5 32. Rf1 Kg7 33. Rf2 Kh6 0-1

[Event "Vellmar Int 4th op  A"]
[Site "Vellmar"]
[Date "2012.07.27"]
[Round "3.7"]
[White "Plueg, Andreas"]
[Black "Brueckmann, Gerd"]
[Result "1-0"]
[WhiteElo "2303"]
[BlackElo "2048"]
[PlyCount "53"]
[EventDate "2012.07.26"]
[EventType "swiss"]
[EventRounds "7"]
[EventCountry "GER"]

{DWZ: 2292(FM) - 1858} 1. c4 e5 2. Nc3 Nf6 3. g3 d5 4. cxd5 Nxd5 5. Bg2 Nb6 6.
Nf3 Nc6 7. O-O Be7 8. a3 O-O 9. b4 Be6 10. d3 f5 11. Bb2 Bf6 12. Rc1 Qd7 13.
Qc2 Rac8 14. Rfe1 Rfd8 15. Na4 Nxa4 16. Qxa4 Qf7 17. Rc5 e4 18. Bxf6 Qxf6 19.
dxe4 fxe4 20. Ng5 e3 21. f4 Nd4 22. Nxe6 Nxe6 {(=)} 23. Re5 Nd4 24. Bxb7 Rb8
25. Qxa7 Nc2 26. Rc1 Qd6 27. Bd5+ 1-0

[Event "Vellmar Int 4th op  A"]
[Site "Vellmar"]
[Date "2012.07.27"]
[Round "3.8"]
[White "Hahn, Markus"]
[Black "Orwatsch, Gerhard"]
[Result "1-0"]
[WhiteElo "2146"]
[BlackElo "2072"]
[PlyCount "103"]
[EventDate "2012.07.26"]
[EventType "swiss"]
[EventRounds "7"]
[EventCountry "GER"]

{DWZ: 2109(geb.1994) - 1977(geb.1946)} 1. d4 g6 2. c4 Bg7 3. Nf3 d6 4. e4 Nd7
5. Nc3 c5 6. d5 Ngf6 7. h3 a6 8. a4 O-O 9. Bd3 Qc7 10. O-O Ne8 11. Qc2 Ne5 12.
Nxe5 dxe5 13. Be3 Bd7 14. a5 f5 15. f3 Nd6 16. Qb3 Rac8 17. Qb6 h6 18. Rfb1 Rf6
19. Qxc7 Rxc7 20. Na4 Bxa4 21. Rxa4 fxe4 22. fxe4 Rf8 23. b4 Rfc8 24. bxc5 Rxc5
25. Bxc5 Rxc5 26. Kf2 Bf6 27. Ke2 Bg5 28. Re1 Bh4 29. Rf1 Bg3 30. Kd2 Kg7 31.
Kc3 Rc7 32. Kb4 Bf4 33. Rxf4 exf4 34. e5 Nf7 35. e6 Nd6 36. c5 Ne8 37. Kc4 Kf6
38. Kd4 h5 39. Ra1 h4 40. Rb1 Ng7 41. Rb6 g5 42. Be4 Rc8 43. Rxb7 Rd8 44. Rb6
Nf5+ 45. Bxf5 Kxf5 46. c6 g4 47. hxg4+ Kxg4 48. Kc5 f3 49. gxf3+ Kg3 50. c7 Rc8
51. Kc6 h3 52. Kd7 1-0

[Event "Vellmar Int 4th op  A"]
[Site "Vellmar"]
[Date "2012.07.27"]
[Round "3.9"]
[White "Rieke, Theo"]
[Black "Keil, Roland"]
[Result "1/2-1/2"]
[WhiteElo "2140"]
[BlackElo "2024"]
[PlyCount "38"]
[EventDate "2012.07.26"]
[EventType "swiss"]
[EventRounds "7"]
[EventCountry "GER"]

{DWZ: 2042 - 1950} 1. c4 e5 2. Nc3 Nc6 3. g3 f5 4. Bg2 Nf6 5. d3 Bb4 6. Bd2
Bxc3 7. Bxc3 d6 8. b4 O-O 9. Nf3 Qe8 10. b5 Nd8 11. O-O Qh5 12. e3 f4 13. Nd2
Bg4 14. f3 fxg3 15. hxg3 Ne6 16. Ne4 Bh3 17. Nxf6+ Rxf6 18. f4 Bg4 19. Qd2 Rb8
1/2-1/2

[Event "Vellmar Int 4th op  A"]
[Site "Vellmar"]
[Date "2012.07.27"]
[Round "3.10"]
[White "Halt, David"]
[Black "Lenz, Jonas"]
[Result "1-0"]
[WhiteElo "2109"]
[BlackElo "1952"]
[PlyCount "67"]
[EventDate "2012.07.26"]
[EventType "swiss"]
[EventRounds "7"]
[EventCountry "GER"]

{DWZ: 2086 - 1825(geb.1995)} 1. e4 c5 2. Nc3 g6 3. g3 Bg7 4. Bg2 Nc6 5. f4 d6
6. Nf3 Bg4 7. h3 Bxf3 8. Bxf3 e6 9. d3 Nge7 10. Be3 Nd4 11. Bg2 Rb8 12. O-O O-O
13. Rb1 Qa5 14. Bd2 Qa6 15. a3 Nec6 16. g4 f5 17. exf5 gxf5 18. g5 b5 19. Ne2
Nxe2+ 20. Qxe2 Nd4 21. Qd1 b4 22. axb4 cxb4 23. Be3 Rbc8 24. Rf2 Qa5 25. Kh1
Qc5 26. h4 e5 27. h5 exf4 28. Rxf4 Be5 29. Bxd4 Bxd4 30. h6 Be3 31. Rc4 Qe5 32.
Rxb4 Bxg5 33. Qh5 Qg3 34. Bd5+ 1-0

[Event "Vellmar Int 4th op  A"]
[Site "Vellmar"]
[Date "2012.07.27"]
[Round "3.12"]
[White "Galkin, Wladislaw"]
[Black "Reimers, Juri"]
[Result "1-0"]
[WhiteElo "2101"]
[BlackElo "1720"]
[PlyCount "117"]
[EventDate "2012.07.26"]
[EventType "swiss"]
[EventRounds "7"]
[EventCountry "GER"]

{DWZ: 2090(geb.1996) - 1753(geb.1999)} 1. c4 g6 2. g3 Bg7 3. Bg2 c5 4. Nc3 Nc6
5. Nf3 d6 6. O-O e5 7. a3 Nge7 8. b4 O-O 9. Rb1 f5 10. Ne1 Rb8 11. Nc2 Nd4 12.
Ne3 b6 13. d3 Bb7 14. Ned5 Qd7 15. Be3 Ne6 16. Qa4 Nc6 17. b5 Na5 18. Bd2 f4
19. Qd1 Ba8 20. Bh3 fxg3 21. fxg3 Rxf1+ 22. Qxf1 Rf8 23. Qg2 Nb7 24. Bxe6+ Qxe6
25. Nc7 Qd7 26. N3d5 Rc8 27. Nxa8 Rxa8 28. Rf1 Rf8 29. Rxf8+ Kxf8 30. Qf2+ Qf7
31. Bg5 Qxf2+ 32. Kxf2 h6 33. Bf6 Bxf6 34. Nxf6 Kf7 35. Nd7 Ke6 36. Nb8 d5 37.
cxd5+ Kxd5 38. Nc6 Nd6 39. e4+ Ke6 40. Nxa7 c4 41. Ke2 h5 42. a4 cxd3+ 43. Kxd3
Nb7 44. Kc4 Nc5 45. a5 Nxe4 46. a6 Kd7 47. Nc6 Kc7 48. Nxe5 g5 49. Nf7 g4 50.
Kd4 Nd2 {(=)} 51. Nd6 Kb8 52. Ke3 Nf1+ 53. Kf4 Nxh2 54. Kg5 Nf1 55. Ne4 Ne3 56.
Kxh5 Ka7 57. Kg5 Nd5 58. Kxg4 Nc7 59. Nd6 1-0

[Event "Vellmar Int 4th op  A"]
[Site "Vellmar"]
[Date "2012.07.27"]
[Round "3.13"]
[White "Cotenescu, Daniel"]
[Black "Laubsch, Bernd"]
[Result "0-1"]
[WhiteElo "2017"]
[BlackElo "2302"]
[PlyCount "114"]
[EventDate "2012.07.26"]
[EventType "swiss"]
[EventRounds "7"]
[EventCountry "GER"]

{DWZ: 1829(geb.1940) - 2261(FM)} 1. Nf3 g6 2. c4 Bg7 3. Nc3 e5 4. g3 Ne7 5. Bg2
Nbc6 6. d3 d5 7. cxd5 Nxd5 8. Bd2 h6 9. O-O Nde7 10. Rc1 O-O 11. a3 Kh7 12. b4
a6 13. Na4 Rb8 14. Bc3 Nd4 15. e3 Nxf3+ 16. Bxf3 c6 17. Qc2 Bh3 18. Rfd1 Nf5
19. Nc5 Qe7 20. Ba1 h5 21. Ne4 Bh6 22. Qc5 Rfe8 23. Qxe7 Rxe7 24. Rc5 Nxe3 25.
fxe3 Bxe3+ 26. Kh1 Bxc5 27. bxc5 Bf5 28. Nd6 Bg4 29. Kg2 f6 30. Rb1 Rd8 31. Bc3
Rdd7 32. Kf2 Be6 33. Bg2 Kg7 34. a4 Kf8 35. a5 g5 36. Rf1 Bd5 37. Kg1 Re6 38.
Be4 Bxe4 39. dxe4 Ke7 40. h4 Rdxd6 41. cxd6+ Kxd6 42. Rd1+ Kc5 43. Rd7 gxh4 44.
gxh4 b5 45. Rb7 Kc4 46. Be1 Kd3 47. Rb6 Kxe4 48. Rxa6 Kf3 49. Kf1 e4 50. Rb6 e3
51. a6 Rd6 52. a7 Rd1 53. a8=Q e2+ 54. Kg1 Rxe1+ 55. Kh2 Rh1+ 56. Kxh1 e1=Q+
57. Kh2 Qf2+ 0-1

[Event "Vellmar Int 4th op  A"]
[Site "Vellmar"]
[Date "2012.07.27"]
[Round "3.14"]
[White "Cherny, Andrey"]
[Black "Wegelin, Reinhard"]
[Result "1-0"]
[WhiteElo "2253"]
[BlackElo "1958"]
[PlyCount "66"]
[EventDate "2012.07.26"]
[EventType "swiss"]
[EventRounds "7"]
[EventCountry "GER"]

{DWZ: 2220 - 1981(SUI)} 1. Nf3 Nf6 2. e3 e6 3. b3 Nc6 4. Bb2 Be7 5. c4 O-O 6.
Be2 d5 7. O-O Ne4 8. d4 f5 9. Nc3 b6 10. cxd5 Nxc3 11. Bxc3 exd5 12. Rc1 Ba3
13. Rc2 a5 14. Bb5 Na7 15. Bd3 Bd7 16. Ne5 Bb5 17. Bb2 Bxd3 18. Qxd3 Bxb2 19.
Rxb2 Qd6 20. Rc2 c5 21. f4 Rac8 22. Rfc1 cxd4 23. Rxc8 Nxc8 24. Qxd4 Ne7 25.
Qa4 g5 {(=)} 26. h3 gxf4 27. Qxf4 Rd8 28. Qg5+ Ng6 29. Rc6 Qe7 30. Qxe7 Nxe7
31. Rxb6 d4 32. exd4 Rxd4 33. Nf3 Kg7 1-0